| 000 | 01018nam a22003137a 4500 | ||
|---|---|---|---|
| 003 | CHAP | ||
| 005 | 20220329143837.0 | ||
| 008 | 111209s2011 ck a r 00010 spa d | ||
| 010 | _a102679 | ||
| 011 | _a103651 | ||
| 020 | _a9789588709475 | ||
| 035 | _a114340 | ||
| 040 | _cCHAP | ||
| 082 | 0 | 4 |
_a636.081 _bJ98 |
| 245 | 0 | 0 |
_aJuzgamiento, clasificación y selección de ganado bubalino _c/por Alcides de Amorim Ramos ...[et al.] |
| 260 |
_aMedellín : _bArtes y Letras, _c2011 |
||
| 300 |
_a83 p. : _bilus., gráfs., tablas |
||
| 590 |
_aBATCH-UPD _b10 _c20130110 _lUCH01 _h1227 |
||
| 590 |
_aBATCH-UPD _b10 _c20130410 _lUCH01 _h0759 |
||
| 590 |
_aBATCH-UPD _b10 _c20130914 _lUCH01 _h0330 |
||
| 590 |
_aCONVERSION _b10 _c20130109 _lUCH01 _h1357 |
||
| 650 | 1 | 4 |
_aBúfalos. _914737 |
| 650 | 1 | 4 |
_aGanado _xRazas. _944950 |
| 650 | 1 | 4 |
_aGanado _xSelección. _944953 |
| 700 | 1 |
_aAmorim Ramos, Alcides de _95426 |
|
| 901 | _aBK | ||
| 942 | _cLIBRO | ||
| 949 |
_a636.081 J98 _bBC _cLIBRO _d33724002318462 _eLIBRO _h116190 _i114340 _sb |
||
| 999 |
_c102679 _d102679 |
||